000 02687nam0a2200445 4500
001 RU\NLR\BIBL_A\021988510
005 20231212172834.0
010 _a978-5-00170-789-9
_9300
021 _aRU
_bАЛ-П-23-00447и
_9АЛ-П-23-0096
035 _a(NLR Aleph) 021988510
035 _a(RuMoRGB)011808850
090 _a12420375
_c12420375
100 _a20230726d2023 u y0rusy50 ca
101 0 _arus
_aeng
_deng
102 _aRU
105 _aа|||z|||000zy
181 0 _ab3
_bxb2e
181 0 _ai1
_baxxe
182 0 _an
200 1 _aАлмазы-PA
_eракушки. Разнообразие. Развитие
_eцикл художественных работ "Ракушки: капризы, причуды, открытия. Крым - Кавказ - Великий Новгород - 2023"
_eлитературно-художественный альбом
_fЛюдмила Максимчук
203 _aИзображение
_aТекст
_bвизуальные
_cнепосредственные
210 _aМосква
_cУ Никитских ворот
_d2023
215 _a47 с.
_cцв. ил.
_d27
300 _aНа тит. с. загл. также на лат. яз.: Adamas-RA
300 _aАвт. также на англ. яз.: Ludmila Maksimchuk
300 _aНа обороте тит. с. авт.: Л. В. Максимчук, писательница, худож., драматург
300 _aЧасть текста англ.
330 _aВ основу представленных в этом альбоме художественных работ легли изображения на ракушках и рапанах, их осколках, сами ракушки и рапаны, испещрённые рисунками, выполненными самой природой. В них автор увидел своеобразные сюжеты, затем продолжил тему в своих картинах, используя оригинальную технику
517 1 _6z92790
_aAdamas-RA
_zlat
600 1 _aМаксимчук
_bЛ. В.
_gЛюдмила Викторовна
_f1948
_jАльбомы
_2nlr_sh2
_3RU\NLR\AUTH\6601568919
675 _a77
_v4
686 1 _aЩ153(2Р=Рус)7-8Максимчук я61
686 2 _aШ6(2=Р)8-5
700 1 _aМаксимчук
_bЛ. В.
_f1948-
_gЛюдмила Викторовна
_3RU\NLR\AUTH\7782409
790 1 _6z92517
_aMaksimčuk
_bL. V.
_f1948-
_gLjudmila Viktorovna
_3RU\NLR\AUTH\7782410
942 _cBOOK
980 _aNB